logo

Bir Sreshtho Munshi Abdur Rouf Library
Jhenaidah Cadet College

উচ্চ মাধ্যমিক জীববিজ্ঞান ( দ্বিতীয় পত্র: প্রাণিবিজ্ঞান) / (Record no. 7599)

MARC details
000 -LEADER
fixed length control field 00801nam a2200229 a 4500
001 - CONTROL NUMBER
JCCL Control Number 7599
003 - CONTROL NUMBER IDENTIFIER
JCCL marc code BD-JhCC
005 - DATE AND TIME OF LATEST TRANSACTION
control field 20220201134022.0
008 - FIXED-LENGTH DATA ELEMENTS--GENERAL INFORMATION
fixed length control field 171217s1998 bg a|||| ||a| 000 0 ben d
035 ## - SYSTEM CONTROL NUMBER
system control number (BD-JhCC)7599
040 ## - CATALOGING SOURCE
Original cataloging agency BD-JhCC
Modifying agency BD-JhCC
041 ## - LANGUAGE CODE
Language code of Book ben
082 ## - DEWEY DECIMAL CLASSIFICATION NUMBER
Classification number 591
Author mark and Year AJM 1998
100 ## - MAIN ENTRY--PERSONAL NAME
Personal name আজমল, গাজী
245 ## - TITLE STATEMENT
Title উচ্চ মাধ্যমিক জীববিজ্ঞান ( দ্বিতীয় পত্র: প্রাণিবিজ্ঞান) /
Statement of responsibility, etc গাজী আজমল; গাজী আসমত
260 ## - PUBLICATION, DISTRIBUTION, ETC. (IMPRINT)
Place of publication, distribution, etc ঢাকা :
Name of publisher, distributor, etc গাজী পাবলিমার্স,
Date of publication, distribution, etc 1998.
300 ## - PHYSICAL DESCRIPTION
Pagination 415 p. :
Dimensions 23 cm.
650 ## - SUBJECT ADDED ENTRY--TOPICAL TERM
Topical term or geographic name as entry element Zoology
700 ## - ADDED ENTRY--PERSONAL NAME
Personal name আসমত, গাজী
942 ## - ADDED ENTRY ELEMENTS (KOHA)
Source of classification or shelving scheme Dewey Decimal Classification
Koha item type Books
Koha issues (borrowed), all copies 4
Holdings
Source of classification or shelving scheme Damaged status Not for loan Home library Current library Shelving location Date of accession Cost, normal purchase price Total Checkouts Full call number Barcode Date last seen Copy number Koha item type Date checked out
Dewey Decimal Classification     JCC Rouf Library JCC Rouf Library General Stacks 02/12/2018 124.00   591 AJM 1998 10099 02/12/2018 C-1 Books  
Dewey Decimal Classification     JCC Rouf Library JCC Rouf Library General Stacks 02/12/2018 235.00   591 AJM 1998 10120 02/12/2018 C-2 Books  
Dewey Decimal Classification     JCC Rouf Library JCC Rouf Library General Stacks 02/12/2018 126.00 1 591 AJM 1998 10223 08/01/2024 C-3 Books 07/01/2024
Dewey Decimal Classification     JCC Rouf Library JCC Rouf Library General Stacks 03/14/2018 124.00   591 AJM 1998 12583 03/14/2018 C-4 Books  
Dewey Decimal Classification     JCC Rouf Library JCC Rouf Library General Stacks 08/28/2019 219.00 15 591 AJM 2019 15551 02/09/2026 C-5 Books 02/08/2026
Dewey Decimal Classification     JCC Rouf Library JCC Rouf Library General Stacks 08/28/2019 219.00 11 591 AJM 2019 15550 02/09/2026 C-6 Books 01/20/2026
Dewey Decimal Classification     JCC Rouf Library JCC Rouf Library General Stacks 08/28/2019 219.00 6 591 AJM 2019 15549 02/08/2026 C-7 Books 10/12/2025

JCC Library | Contacts | JCC Home

Last Update on 23 September 2017
Copyright @ 2017-2020 JCC Rouf Library
Rouf Library, Jhenidah Cadet College (JCC), Bangladesh